Statistics for 21 centuries of women in power

Click here to take the quiz!

General Stats

  • This quiz has been taken 27 times
    (15 since last reset)
  • The average score is 8 of 21

Answer Stats

CenturyHintRuler% Correct
21st CEChancellor of Germany since 2005, influential in the EUAngela Merkel
100%
16th CEEngland, ruled for 44 years, never marriedElizabeth I
100%
19th CEUK, called Empress of IndiaVictoria
100%
1st CEIceni (UK), lead an uprising against RomansBoudica
87%
18th CERussia, expanded borders, couped husbandCatherine II
87%
15th CECastile, united Spain, Reconquista and sponsor of ColumbusIsabel I
87%
14th CEFounder of the Kalmar Union linking Denmark, Sweden, NorwayMargaret of Denmark
40%
17th CESweden, abdicated to become a nun, possibly homosexualKristina
27%
20th CEFirst female PM, served 3 terms in Sri LankaSirimavo Bandaranaike
20%
13th CEGeorgia (also 12th), towards the end of the Golden AgeTamar
20%
12th CELeon and CastileUrraca
20%
8th CEZhou dynasty (also 7th), ChinaWu Zetian
20%
10th CEMercia (UK), daughter of Alfred 'the Great', succeeded by daughterAethelflaed
13%
2nd CE(also 3rd) shaman queen in Yamataikoku (Japan), appears in 'Tomb Raider'Himiko
13%
9th CEByzantium (also 8th), convoked Second Council of NicaeaIrene Sarantapechaina (Irene of Athens)
13%
6th CEOstrogoths, daughter of Theoderic 'the Great'. Justinian invaded after assassinationAmalasuintha
7%
11th CEKashmir, described in the 'Rajatarangini'Didda
7%
5th CEWestern Roman Empire: mother and regent to Valentinian IIIGalla Placida
7%
4th CETanukh(ids) (Syria), enemy of the Romans, made peace on good termsMavia
7%
7th CESilla (Korea), first woman ruler, Bidam's rebellionSeondeok
7%
3rd CEPossible Western Roman Empress, numismatic evidenceUlpia Severina
7%

Score Distribution

Percentile by Number Answered

Percent of People with Each Score

Your Score History

You have not taken this quiz since the last reset